000 01168nam a22003017a 4500
003 PE SENCICO BE
005 20260224153533.0
008 251112b |||||||| |||| 00| 0 eng d
017 _2Ma-423-06
020 _a978-84-95818-86-7
040 _aPE SENCICO BE
_cPE SENCICO BE
041 _aspa
082 _a749
_bF38U
100 1 _aFernández García, David
_91
_eautor
245 1 _aMueble juvenil /
_cDavid Fernández García ; director: Hugo Quiroga Capovilla
250 _a[1a ed.]
260 _aMálaga :
_bEdiiciones Daly,
_c2007
300 _a161 páginas :
_bIlustraciones ;
_c29.5 cm.
520 3 _aEl texto comprende entre otros temas: dormitorio color nogal formado por el armario ropero con cajones, muebles del programa puzzle, de diseño contemporáneo, muebles de estética contemporánea y poca altura.
650 1 0 _aMuebles de dormitorio
_9415
650 2 0 _aDistribución de espacios (viviendas)
_9395
650 2 0 _aDiseño de interiores
_9315
650 2 0 _aHabitaciones juveniles
_9416
650 2 0 _aDecoración de interiores
_9398
700 1 _aQuiroga Capovilla, Hugo
_911
_edirector
910 _ahfp
942 _2ddc
_cLIB
999 _c9750
_d9750